000 00354nam a2200133Ia 4500
008 240624s9999 xx 000 0 und d
041 _aeng
082 _a330.12 CAH
100 _aCAHILL DAMIEN
245 _aEND OF LAISSEZ FAIRE ON THE DURABILITY O
260 _c2014
_aUnited Kingdom
_bEdward Elgar
300 _axii, 197 p.; 23 cm.
365 _cBPS
_b33
999 _c32201
_d32201